| 000 | 01056nas a2200325 4500 | ||
|---|---|---|---|
| 001 | BR2016002659 | ||
| 003 | BR-BrBNA | ||
| 005 | 20231205130424.0 | ||
| 007 | ta | ||
| 008 | 230509b bl.|||p| |||| 00| 00por d | ||
| 040 |
_aBR-BrBNA _bpor _cBiblioteca Nacional de Agricultura |
||
| 041 | _a(En) | ||
| 072 | _aH20 | ||
| 100 | 1 | _aGuadarrama-Mendoza, P.C. | |
| 100 | 1 | _aValencia del Toro, G. | |
| 100 | 1 | _aRamírez-Carrillo, R. | |
| 100 | 1 | _aRobles-Martínez, F. | |
| 100 | 1 | _aYáñez-Fernández, J. | |
| 100 | 1 | _aGarín-Aguilar, M.E. | |
| 100 | 1 | _aHernández, C.G. | |
| 100 | 1 | _aBravo-Villa, G. | |
| 245 | 1 | _aMorphology and mycelial growth rate of Pleurotus spp. strains from the Mexican mixtec region | |
| 650 | _aCOGUMELO | ||
| 650 | _aCRESCIMENTO | ||
| 650 | _aPODRIDAO DO TRONCO | ||
| 773 | 0 |
_tBrazilian Journal of Microbiology (Brazil) _xISSN 1517-8382 _g(Jul-Sep 2014), v. 45(3) p. 861-872 _wBR2016002659 |
|
| 856 | 4 | 0 | _uhttp://www.scielo.br/pdf/bjm/v45n3/16.pdf |
| 909 |
_a202311 _bLúcia _c55 _dLúcia Elande |
||
| 942 |
_2AGRIS _n0 _cANA |
||
| 999 |
_c249358 _d249358 |
||